| 000 | 00490nam a22001457a 4500 | ||
|---|---|---|---|
| 005 | 20250709103147.0 | ||
| 008 | 250709b |||||||| |||| 00| 0 eng d | ||
| 050 |
_aTHE G 73 .M64 2017 _bC. 1 |
||
| 100 | _aMOGA, OMWOKI KENNEDY | ||
| 245 | _aINVESTIGATION INTO THE INTEGRATION OF ICT IN THE THE TEACHING OF GEOGRAPHY IN PUBLIC SCHOOLS IN NYAMIRA NORTH, SUB COUNTY , KENYA | ||
| 260 |
_aKISII _bKSU _c2017 |
||
| 300 | _aXVII, 108P. ILL; | ||
| 500 | _aINCLUDES REFERENCES | ||
| 942 |
_2lcc _cREF |
||
| 999 |
_c215863 _d215863 |
||